La Libertad de expresión, un bien escaso (Record no. 9530)

MARC details
000 -LEADER
campo de control de longitud fija 00733nam a2200217 i 4500
001 - NÚMERO DE CONTROL
campo de control 9530
003 - IDENTIFICADOR DE NÚMERO DE CONTROL
campo de control ES-MaACL
005 - FECHA Y HORA DE LA ÚLTIMA TRANSACCIÓN
campo de control 20250717063018.0
007 - CAMPO FIJO DE DESCRIPCIÓN FÍSICA--INFORMACIÓN GENERAL
campo de control de longitud fija t|
008 - DATOS DE LONGITUD FIJA--INFORMACIÓN GENERAL
campo de control de longitud fija 931007s1993 sp ||||1| spa d
080 ## - NÚMERO DE LA CLASIFICACIÓN DECIMAL UNIVERSAL
Número de la Clasificación Decimal Universal 342.727(46)(09)
100 1# - ENTRADA PRINCIPAL--NOMBRE DE PERSONA
Nombre de persona Pascual, Pedro,
Fechas asociadas al nombre 1934-
9 (RLIN) 89365
245 13 - MENCIÓN DEL TÍTULO
Título La Libertad de expresión, un bien escaso
Resto del título : (notas para su historia) /
Mención de responsabilidad, etc. Pedro Pascual.
260 ## - PUBLICACIÓN, DISTRIBUCIÓN, ETC.
Lugar de publicación, distribución, etc. [S.l. :
Nombre del editor, distribuidor, etc. s.n.],
Fecha de publicación, distribución, etc. 1993.
300 ## - DESCRIPCIÓN FÍSICA
Extensión 268 p. ;
Dimensiones 30 cm.
500 ## - NOTA GENERAL
Nota general Bibliogr.: p. 208-268.
650 14 - PUNTO DE ACCESO ADICIONAL DE MATERIA--TÉRMINO DE MATERIA
Término de materia o nombre geográfico como elemento de entrada Libertad de expresión-
Subdivisión geográfica España.
9 (RLIN) 14406
852 ## - LOCALIZACIÓN
Ubicación ES-MaACL
Número de control de estantería L-16993
Sublocalización o colección R.121808
condición física . - Ded. autógr. del autor
852 ## - LOCALIZACIÓN
Ubicación ES-MaACL
Número de control de estantería L-16992
Sublocalización o colección R.121809
condición física . - Ded. autógr. del autor
Holdings
Estatus retirado Estado de pérdida Estado de daño No para préstamo Biblioteca de origen Biblioteca actual Ubicación en estantería Fecha de adquisición Fuente de adquisición Total de préstamos Signatura topográfica completa Código de barras Visto por última vez Precio de reemplazo Tipo de ítem Koha
        Biblioteca del Ateneo de Madrid Biblioteca del Ateneo de Madrid Depósito 2 17/01/2008     L-16992 1009724 23/02/2023 23/02/2023 Libro impreso
        Biblioteca del Ateneo de Madrid Biblioteca del Ateneo de Madrid Depósito 2 17/01/2008     L-16993 1009723 23/02/2023 23/02/2023 Libro impreso